| 000 | 00685cab a2200205 4500 | ||
|---|---|---|---|
| 001 | ABS46785 | ||
| 008 | 090401t1992 xxu||||| |||| 00| 0 eng d | ||
| 035 | _a(Sirsi) u59478 | ||
| 041 | _aeng | ||
| 245 | _aDomesday 2000 project research into the establishment of a national land information system | ||
| 260 | _c1992 | ||
| 350 | _a0 | ||
| 490 |
_aRICS Explorer _v(5) June 1992, 14-15(2) |
||
| 520 | _aReports on the progress made so far in the `Domesday 2000 Project` aimed at producing a National Land Information system. | ||
| 650 | _aDOMESDAY 2000 | ||
| 650 | _aNATIONAL LAND INFORMATION SERVICE | ||
| 690 | _aMAPPING AND MEASUREMENT | ||
| 942 | _n0 | ||
| 948 | _c04/03/1997 | ||
| 999 |
_c36497 _d36497 |
||